000 01130nam0a22003011 4500
001 rc\3694445
005 20130115152135.8
021 _aRU
_b73-9322
021 _aRU
_bРг5108-73
035 _a(NLR Aleph) 007758967
090 _a7344971
_c7344971
100 _a20130115d1972 |||y0rusy50 ca
101 0 _arus
102 _aRU
105 _aa z |||||
200 1 _aПрогностика - наука о будущем
_fО-во "Знание" КазССР. Науч.-метод. совет по пропаганде науч.-техн. знаний
210 _aАлма-Ата
_cБ. и.
_d1972
215 _a[1], 22 с.
_cил.
_d20
225 1 _aМатериал в помощь лектору
300 _aПеред загл. авт.: М.Б. Кенжегузин, канд. экон. наук, П.Н. Пугай, канд. с.-х. наук
320 _aБиблиогр.: с. 21-22
700 1 _aКенжегузин
_bМ. Б.
_gМарат Балгужевич
701 1 _aПугай
_bП. Н.
801 0 _aRU
_bNLR
_gpsbo
801 1 _aRU
_bELAR
_2rusmarc
852 _aNLR
_j73-4/9864
942 _cBOOK
980 _aNB